Ciceros rede für sextus Roscius aus Ameria

Elmentve itt :
Bibliográfiai részletek
Szerző: Cicero Marcus Tullius
További közreműködők: Halm Karl
Dokumentumtípus: Cikk
Megjelent: 1858
Sorozat:Kolligátum
Kulcsszavak:Latin irodalom - próza - i. e. 1. sz., Róma története - i. e. 1. sz. - forrás
Online Access:http://misc.bibl.u-szeged.hu/24633
LEADER 00643nab a2200181 i 4500
001 misc24633
005 20191111110745.0
008 171012s1858 hu o 0|| zxx d
040 |a SZTE Miscellanea Repozitórium  |b hun 
041 |a zxx 
100 1 |a Cicero Marcus Tullius 
245 1 0 |a Ciceros rede für sextus Roscius aus Ameria  |h [elektronikus dokumentum] /  |c  Cicero Marcus Tullius 
260 |c 1858 
300 |a 9-21 
490 0 |a Kolligátum 
695 |a Latin irodalom - próza - i. e. 1. sz., Róma története - i. e. 1. sz. - forrás 
700 0 1 |a Halm Karl 
856 4 0 |u http://misc.bibl.u-szeged.hu/24633/1/011_023_009-021.pdf  |z Dokumentum-elérés